Sports Quiz

Random Sports or Celebrity Quiz

Athlete couples with celebrities Quiz Stats

Quiz not verified by Sporcle

Challenge
Share
Tweet
Embed
Score 0/20 Timer 08:00
0 Plays Today
player % Correct
David Beckhamvictoria beckham
73.3%
Tony RomoJessica Simpson
71.5%
Reggie BushKim Kardashian
69.7%
Tony ParkerEva Longoria
61%
Alex RodriguezMadonna
50.5%
Lamar OdomKhloe kardashian
47.3%
Dennis RodmanCarmen Electra
43%
Alex RodriguezKate hudson
33.2%
Tony RomoCarrie Underwood
31%
Andy roddickMandy Moore
30%
player % Correct
Anna KournikovaEnrique Iglesias
29.6%
Tom BradyGisele Bundchen
29.2%
David JusticeHalle Berry
27.1%
Matt KempRihanna
22.7%
Derek JeterMariah Carey
22.4%
Joe DimaggioMarylin Monroe
21.3%
Chris WebberTyra Banks
17.3%
Derek JeterJessica Biel
15.9%
Derek JeterJessica Alba
12.6%
Riley GilesLindsay Lohan
2.2%

You're not logged in!

Compare scores with friends on all Sporcle quizzes.
Join for Free
OR
Log In

You Might Also Like...

Show Comments

Extras

Top Quizzes Today


Score Distribution

Your Account Isn't Verified!

In order to create a playlist on Sporcle, you need to verify the email address you used during registration. Go to your Sporcle Settings to finish the process.

Report this User

Report this user for behavior that violates our Community Guidelines.

Details: